000 00748nam a22001817a 4500
005 20240522160553.0
010 _aHIN-127687
020 _a9789356842656
_c250.00
035 _aHN-100033
037 _bDBAD
082 _a
100 _aप्रताप नारायण सिंह
_966778
245 _aप्यार, कितनी बार! /
_cप्रताप नारायण सिंह
260 _aनई दिल्ली
_bडायमंड बुक्स
_c2023
270 _aX-30 ओखला इंडस्ट्रियल एरिया , फेस 2
_bनई दिल्ली
_e110020
300 _a207 पृ.
_c22सेमी (अजिल्द)
942 _2ddc
_cHN
_h
_mप्रताप
999 _c200725
_d200725